00251nam a22001097a 4500020001800000082001100018100001300029245003500042250001100077260004400088300000900132 a9789350531822 a070.41 aJ. David aBasic elements of news editing a1st ed aNew DelhibCybertech publicationsc2014 a293p